Sierra de Guadarrama. (Record no. 144214)

MARC details
000 -LEADER
campo de control de longitud fija 01372nam a2200277 i 4500
001 - NÚMERO DE CONTROL
campo de control 144214
003 - IDENTIFICADOR DE NÚMERO DE CONTROL
campo de control ES-MaACL
005 - FECHA Y HORA DE LA ÚLTIMA TRANSACCIÓN
campo de control 20250726072328.0
007 - CAMPO FIJO DE DESCRIPCIÓN FÍSICA--INFORMACIÓN GENERAL
campo de control de longitud fija t|
008 - DATOS DE LONGITUD FIJA--INFORMACIÓN GENERAL
campo de control de longitud fija 070214s1931 sp abo |||| | spa d
080 ## - NÚMERO DE LA CLASIFICACIÓN DECIMAL UNIVERSAL
Número de la Clasificación Decimal Universal 913(234.1 Guadarrama)(036)
245 00 - MENCIÓN DEL TÍTULO
Título Sierra de Guadarrama.
246 3# - FORMA VARIANTE DEL TITULO
Texto de visualización Tít. de anteport.
Título propio/Titulo breve Guía de la Sierra de Guadarrama
260 ## - PUBLICACIÓN, DISTRIBUCIÓN, ETC.
Lugar de publicación, distribución, etc. Madrid :
Nombre del editor, distribuidor, etc. Junta de Parques Nacionales,
Fecha de publicación, distribución, etc. 1931.
300 ## - DESCRIPCIÓN FÍSICA
Extensión 107 p., [4] h. pleg. de mapas col. :
Otras características físicas il. col. y n. ;
Dimensiones 20 cm.
490 1# - MENCIÓN DE SERIE
Mención de serie Guías de los sitios naturales de interés nacional / publicadas bajo la dirección de Eduardo Hernández-Pacheco ;
Designación de volumen o secuencia 1
500 ## - NOTA GENERAL
Nota general Las fotos de las ilustraciones de Francisco Hernández-Pacheco, José Tinoco, A. Victory.. [e alt.]
594 ## - Nota al título y mención de responsabilidad
Nota al título y mención de responsabilidad Precede al tit.: Ministerio de Fomento, Junta de Parques Nacionales.
651 #4 - PUNTO DE ACCESO ADICIONAL DE MATERIA--NOMBRE GEOGRÁFICO
Nombre geográfico Guadarrama (España, Sierra)-
Subdivisión de forma Guías turísticas.
9 (RLIN) 147228
651 #4 - PUNTO DE ACCESO ADICIONAL DE MATERIA--NOMBRE GEOGRÁFICO
Nombre geográfico Guadarrama (España, Sierra)-
Subdivisión general Descripción.
9 (RLIN) 8798
700 1# - ENTRADA AGREGADA--NOMBRE PERSONAL
Nombre de persona Hernández-Pacheco, Eduardo,
Fechas asociadas al nombre 1872-1965
9 (RLIN) 63012
710 2# - ENTRADA AGREGADA--NOMBRE DE ENTIDAD CORPORATIVA
Nombre de entidad corporativa o nombre de jurisdicción como elemento de entrada Junta de Parques Nacionales (España)
9 (RLIN) 147227
830 0# - PUNTO DE ACCESO ADICIONAL DE SERIE-TÍTULO UNIFORME
Título uniforme Guías de los sitios naturales de interés nacional / publicadas bajo la dirección de Eduardo Hernández-Pacheco ;
Designación de volumen o secuencia 1
9 (RLIN) 220651
852 ## - LOCALIZACIÓN
Ubicación ES-MaACL
Número de control de estantería L-14575
Nota libre .- Donat. de Eduardo Hernández-Pacheco, en anotación manuscrita
Holdings
Estatus retirado Estado de pérdida Estado de daño No para préstamo Biblioteca de origen Biblioteca actual Ubicación en estantería Fecha de adquisición Fuente de adquisición Total de préstamos Signatura topográfica completa Código de barras Visto por última vez Precio de reemplazo Tipo de ítem Koha
        Biblioteca del Ateneo de Madrid Biblioteca del Ateneo de Madrid Depósito 2 17/01/2008     L-14575 1150039 23/02/2023 23/02/2023 Libro impreso